| 000 -LEADER |
| fixed length control field |
01435 a2200253 4500 |
| 003 - CONTROL NUMBER IDENTIFIER |
| control field |
Nust |
| 005 - DATE AND TIME OF LATEST TRANSACTION |
| control field |
20230103120244.0 |
| 010 ## - LIBRARY OF CONGRESS CONTROL NUMBER |
| LC control number |
95021972 |
| 020 ## - INTERNATIONAL STANDARD BOOK NUMBER |
| International Standard Book Number |
0792396138 (acid-free paper) |
| 040 ## - CATALOGING SOURCE |
| Transcribing agency |
Nust |
| 082 00 - DEWEY DECIMAL CLASSIFICATION NUMBER |
| Classification number |
629.89,GUP |
| 100 1# - MAIN ENTRY--PERSONAL NAME |
| Personal name |
Gupta, Rajesh Kumar, |
| 9 (RLIN) |
76801 |
| 245 10 - TITLE STATEMENT |
| Title |
Co-synthesis of hardware and software for digital embedded systems / |
| Statement of responsibility, etc. |
Rajesh Kumar Gupta ; [foreword by Giovanni De Micheli]. |
| 260 ## - PUBLICATION, DISTRIBUTION, ETC. |
| Place of publication, distribution, etc. |
Boston : |
| Name of publisher, distributor, etc. |
Kluwer Academic Publishers, |
| Date of publication, distribution, etc. |
c1995. |
| 300 ## - PHYSICAL DESCRIPTION |
| Extent |
266 p. : |
| Other physical details |
ill. ; |
| Dimensions |
25 cm. |
| 490 1# - SERIES STATEMENT |
| Series statement |
The Kluwer international series in engineering and computer science ; |
| Volume/sequential designation |
SECS 329. |
| Series statement |
VLSI, computer architecture and digital signal processing |
| 505 ## - FORMATTED CONTENTS NOTE |
| Formatted contents note |
Introduction (Page-1), Related Work (Page-21), Systems Modeling (Page-33), Constraint Analysis (Page-71), Software and Runtime Environment (Page-125), Systems Partitioning (Page-177), Systems Implementation (Page-199), Example and Results (Page-221), Summary, Conclusion and Future Work (Page-235). |
| 650 #0 - SUBJECT ADDED ENTRY--TOPICAL TERM |
| Topical term or geographic name entry element |
Telecommunication engineering |
| 830 #0 - SERIES ADDED ENTRY--UNIFORM TITLE |
| Uniform title |
Kluwer international series in engineering and computer science ; |
| 9 (RLIN) |
82222 |
| 830 #0 - SERIES ADDED ENTRY--UNIFORM TITLE |
| Uniform title |
Kluwer international series in engineering and computer science. |
| 9 (RLIN) |
82222 |
| 856 42 - ELECTRONIC LOCATION AND ACCESS |
| Materials specified |
Publisher description |
| Uniform Resource Identifier |
<a href="http://www.loc.gov/catdir/enhancements/fy0820/95021972-d.html">http://www.loc.gov/catdir/enhancements/fy0820/95021972-d.html</a> |
| 856 42 - ELECTRONIC LOCATION AND ACCESS |
| Materials specified |
Table of contents only |
| Uniform Resource Identifier |
<a href="http://www.loc.gov/catdir/enhancements/fy0820/95021972-t.html">http://www.loc.gov/catdir/enhancements/fy0820/95021972-t.html</a> |
| 942 ## - ADDED ENTRY ELEMENTS (KOHA) |
| Koha item type |
Reference |
| Source of classification or shelving scheme |
|